000 00366 a2200157 4500
001 70272
020 _a
040 _cAnchieta - Itaigara
100 _aRocha, Kátia
240 1 0 _aEuzinha, a menina que virou poesia
_lpor
245 1 0 _aEuzinha, a menina que virou poesia
300 _a44
362 0 _a2001
650 4 _aLiteratura infanto-juvenil
942 _cBK
999 _c70272
_d70272